| 000 | 00492nam a2200169Ia 4500 | ||
|---|---|---|---|
| 005 | 20250923144510.0 | ||
| 008 | 008 250917s9999 xx 000 0 eng d | ||
| 037 | _aTextual | ||
| 040 |
_aDSWL _beng _cDSWL |
||
| 041 |
_aeng _2eng |
||
| 084 |
_aYX;1-8466.2'N4, N45 _qDSWL |
||
| 100 |
_aAlexander, Horace G _9825500 |
||
| 245 | 0 |
_aQuakerism & India _cby Horace G Alexander |
|
| 260 | _c1945 | ||
| 942 |
_cTEXL _hYX;1-8466.2'N4, N45 |
||
| 999 |
_c1439685 _d1439685 |
||